00517 2200169 4500001002100000005001500021035002000036007000300056008003900059082000700098084001300105100001900118245010900137260004600246650004000292990001500332INLIS00000000000988120260413124439 a0010-0426000191ta260413 | | |  a11 a11 HAR p0 aHARTATI CANTIK1 aPELAKSANAAN FUNGSI SATUAN POLISI PAMONG PRAJA DAN PEMADAM KEBAKARAN KABUPATEN LAMANDAU /cHARTATI CANTIK aPALANGKA RAYA :bPERPUSTAKAAN UMPR,c2026 4aFUNGSI POLISI DAN PEMADAM KEBAKARAN a2311228934